Skip to content
VuFind
Advanced
  • Peperiksaan Perkhidmatan Subje...
  • Cite this
  • Print
  • Export Record
    • Export to RefWorks
    • Export to EndNoteWeb
    • Export to EndNote
    • Export to MARC
Peperiksaan Perkhidmatan Subjek Jabatan Oktober 2001  : kertas l - Penilaian lll
QR Code

Peperiksaan Perkhidmatan Subjek Jabatan Oktober 2001 : kertas l - Penilaian lll

Bibliographic Details
Format: Book
Subjects:
Peperiksaan Penolong Pegawai Penilaian
  • Holdings
  • Description
  • Similar Items
  • Staff View

MARC

LEADER 00000cam a2200000 7i4500
001 0000026074
005 20150601.0
040 |a INS 
090 0 0 |a PAVO19 
245 0 0 |a Peperiksaan Perkhidmatan Subjek Jabatan Oktober 2001 :   |b kertas l - Penilaian lll 
650 0 0 |a Peperiksaan Penolong Pegawai Penilaian 
999 |a PAVO000054   |b BOOK   |c Course Notes   |e Default branch 

Similar Items

  • Peperiksaan Perkhidmatan Subjek Jabatan Bagi Penolong Pegawai Penilaian Oktober 2000 : kertas l - Penilaian lll
  • Peperiksaan Perkhidmatan Subjek Jabatan Bagi Penolong Pegawai Penilaian Gred W6 Mei 2001 : kertas l - Penilaian lll
  • Peperiksaan Perkhidmatan Subjek Jabatan Bagi Penolong Pegawai Penilaian Gred W6 Oktober 2002 : Kertas l - Penilaian lll
  • Peperiksaan Perkhidmatan Subjek Jabatan Bagi Penolong Pegawai Penilaian Oktober 2000 : kertas lll - Perundangan dan Percukaian Harta Tanah
  • Peperiksaan Perkhidmatan Subjek Jabatan Bagi Penolong Pegawai Penilaian Oktober 2000 : kertas lV - Pengambilan Tanah dan Pampasan ll

Search Options

  • Advanced Search

Find More

  • Browse the Catalog

Need Help?

  • Search Tips